Responses for Show #3991 - Monday, December 31, 2001

(Jimmy: Hi, I'm Jimmy of the Clue Crew. Today our contestants win gold--gold, I tell you! Stay tuned.)

Contestants

[<< previous game]

Marcy Rosewall, a secretary and student from Honolulu, Hawaii

Tom Unsworth, a human resources director from Boston, Massachusetts

Robert Heiler, a director of a public policy think tank from Alexandria, Virginia (whose 1-day cash winnings total $30,900)

[next game >>]

Jeopardy! Round responses

GOLD
CHILDREN'S SONGS
ARMY, NAVY, AIR FORCE, MARINES
Alex: You have to identify which service the person we name in our clue served in.)
GETTING DOWN TO BUSINESS
"I" DIDN'T EXPECT
THE SPANISH INQUISITION
(Alex: Well, no one expects the Spanish Inquisition.)
    $200 6
panning for gold

Tom
    $200 7
"Old McDonald" (Had A Farm)

Robert
    $200 26
the Army

Robert
    $200 17
(Alex: That's right. They changed their mind.)

Parker Brothers

Marcy
    $200 1
Irish

Marcy
    $200 8
Napoleon

Marcy
    $400 18
Au

Tom
    $400 13
a dog

Marcy
    $400 27
(Robert: What is the Army?)

the Marines

RobertMarcy
    $400 19
Apple

Tom
    $400 2
the IOC, the International Olympic Committee

Triple Stumper
    $400 9
the Bible

Robert
    $600 24
the assayer

Triple Stumper
    $600 14
a banjo

Marcy
    $600 28
the Navy

Marcy
    $600 20
bricks and mortar

Triple Stumper
    $600 3
Independence Day

Tom
    $600 10
Judaism

Marcy
    $800 23
75%

Robert
    $800 15
(Tom: [No response])
...
(Alex: "Puff The Magic Dragon", yes.)

a dragon

RobertTom
    $800 29
the Marines

Robert
    $800 21
Welch

Tom
    $800 4
imperative

Triple Stumper
    $800 11
(Marcy: Who is [*]?)

the person who had turned them in (the informer, the accuser)

Marcy
    $1000 25
mercury

Triple Stumper
    $1000 16
"Down By The Station"

Triple Stumper
    $1000 30
the Air Force

Tom
    $1000 22
(Alex: Minute to go now, Tom.)

a public limited company

Triple Stumper
    $1000 5
iodine

Marcy
    $1000 12
Ferdinand & Isabella

Marcy

Scores at the first commercial break (after clue 12):

Robert Tom Marcy
$600 $800 $3,800

Scores at the end of the Jeopardy! Round:

Robert Tom Marcy
$2,800 $2,600 $6,000

Double Jeopardy! Round responses

WORLD GEOGRAPHY
THEY PLAYED REAL PEOPLE
(Alex: You have to identify the performer.)
HOW NOVEL
LINKIN' WITH LINCOLN
PSYCH 102
(Alex: This is probably gonna be very tough stuff.)
WHERE IS U?
    $400 21
Egypt

Marcy
    $400 6
(Alex: Good Morning, Vietnam, yes.)

Robin Williams

Marcy
    $400 1
The Silence of the Lambs

Robert
    $400 18
Nebraska

Tom
    $400 7
(Alex: [*], yes. You gotta respect them.)

rats

Robert
    $400 12
unusual

Robert
    $800 22
(Robert: What is Guinea?)

Queensland

Robert
Triple Stumper
    $800 14
Al Pacino

Tom
    $800 2
Somerset Maughm

Tom
    $800 19
Ford

Marcy
    $800 8
dreams

Robert
    $800 13
bureau

Tom
    $1200 15
(Alex: Yes,

Cher

Tom
    $1200 3
(Tom: Who is Kipling?)
[NOTE: The subtitle is usually given as "A Novel of the War".]

Upton Sinclair

TomMarcy
    $1200 20
sheep

Triple Stumper
    $1200 9
hypnotism

Robert
    $1600 16
Albert Finney

Tom
    $1600 4
Kidnapped

Marcy
    $1,700 23
(Marcy: Who is... Stevens? Who is Stevenson?)
...
(Alex: We have a minute to go, so keep going.)

Stephen Douglas

Marcy
    $1600 10
grandeur

Robert
    $2000 26
(Alex: Few little islands
off Africa: [*]. Sao Tome and [*].)
[The end-of-round signal sounds.]

Principe

Triple Stumper
    $2000 17
Nick Nolte

Tom
    $2000 5
Memoirs of a Geisha

Tom
    $2000 25
Eero Saarinen

Triple Stumper
    $2000 11
(Robert: Who is Carl Jung?)
(Marcy: Who is Pavlov?)

John Watson

RobertMarcy
Triple Stumper
    $4,000 24
(Marcy: "Second and fifth..." What is guinescu?)

kudzu

Marcy

Scores at the end of the Double Jeopardy! Round:

Robert Tom Marcy
$4,800 $11,000 $2,700
(lock game)

[wagering suggestions for these scores]

Final Jeopardy! Round responses

LAW HISTORY
(Alex: Roe v. [*] was the landmark case.)
MarcyWho is Wade
$2,700
RobertWho is Darrow?
$4,800
TomWho is Garrison?
$1,000
Wade

Final scores:

Robert Tom Marcy
$0 $10,000 $5,400
3rd place: [Prize info not available.] New champion: $10,000 2nd place: [Prize info not available.]

Game dynamics:

Coryat scores:

Robert Tom Marcy
$4,800 $11,000 $8,400
12 R,
3 W
14 R,
2 W
16 R
(including 1 DD),
3 W
(including 2 DDs)

Combined Coryat: $24,200

[game clues] [game scores] [suggest correction]

Game tape date: 2001-10-23
The J! Archive is created by fans, for fans. Scraping, republication, monetization, and malicious use prohibited; this site may use cookies and collect identifying information. See terms. The Jeopardy! game show and all elements thereof, including but not limited to copyright and trademark thereto, are the property of Jeopardy Productions, Inc. and are protected under law. This website is not affiliated with, sponsored by, or operated by Jeopardy Productions, Inc. Join the discussion at JBoard.tv.